| 000 | 00523nam a22001577a 4500 | ||
|---|---|---|---|
| 003 | macl | ||
| 005 | 20190811130840.0 | ||
| 008 | 190811b xxu||||| |||| 00| 0 eng d | ||
| 040 | _cmacl | ||
| 082 | _a800/SEN | ||
| 100 |
_aशेणकर ,डॉ भरत _976217 |
||
| 245 | _aसंत सूरदास और एकनाथ का काव्य | ||
| 260 |
_aकानपुर _bगरिमा प्रकाशन _c2016 |
||
| 650 |
_aकाव्याअलोचना _976218 |
||
| 942 |
_2ddc _cHIN |
||
| 999 |
_c60724 _d60724 |
||